000 00584nam a2200205Ia 4500
005 20250508164015.0
008 008 250505s9999 xx 000 0 eng d
020 _a0-8264-5372-4
037 _aReference
040 _aFEDL
_beng
_cFEDL
041 _aeng
_2eng
084 _a370.1, BLA/RR
_qFEDL
100 _aBlake Nigel and others
245 0 _aBlackwell guide to the philosophy of education
260 _aMalden, USA
_bBalckwell Publishing
_c2003
300 _axvi,414p.
365 _aGBP
_b17.99
942 _cREF
_h370.1, BLA/RR
999 _c1386542
_d1386542